| 000 | 00413nam a22001577a 4500 | ||
|---|---|---|---|
| 005 | 20250701150844.0 | ||
| 008 | 250701b |||||||| |||| 00| 0 eng d | ||
| 020 | _a9780830824786 | ||
| 050 |
_aBS2341 _b.2,K445 KEE |
||
| 100 | _aKEENER CRAIG S. | ||
| 245 | _aTHE IVP BIBLE BACKGROUND COMMENTARY NEW TESTAMENT | ||
| 250 | _a2ND | ||
| 260 |
_aILLINOIS _bIVP ACADEMIC _cc2014 |
||
| 300 | _a816p | ||
| 942 |
_2lcc _cBK _n0 |
||
| 999 |
_c6806 _d6806 |
||